Manažment hodnoty podniku

Hodnota podniku ako ukazovateľ úspešnosti. Hodnota sa nerovná cene, za ktorú môže byť majetok realizovaný, ale je jej najpravdepodobnejším odhadom. Ohodnocovanie majetku podniku. Parametre ekonomického rastu. Manažment mediálnych podnikov. Realitný trh vo svete.

Salvato in:
Dettagli Bibliografici
Autore principale: Harumová, Anna, 1955-
Natura: Capitolo di libro
Lingua:slovacco
Soggetti:
Tags: Aggiungi Tag
Nessun Tag, puoi essere il primo ad aggiungerne!!

MARC

LEADER 00000naa$a2200000$$$4500
001 0078368
005 20240502071912.5
041 0 |a slo 
044 |a SK 
245 1 0 |a Manažment hodnoty podniku  |c Anna Harumová 
520 |a Hodnota podniku ako ukazovateľ úspešnosti. Hodnota sa nerovná cene, za ktorú môže byť majetok realizovaný, ale je jej najpravdepodobnejším odhadom. Ohodnocovanie majetku podniku. Parametre ekonomického rastu. Manažment mediálnych podnikov. Realitný trh vo svete. 
610 2 0 |a hodnota podniku 
610 2 0 |a ceny 
610 2 0 |a majetok 
610 2 0 |a rast hospodársky 
610 2 0 |a médiá 
610 2 0 |a nehnuteľnosti 
100 1 |a Harumová, Anna, 1955-